[Event "Poti Aleksandria Cup 11th"]
[Site "Poti"]
[Date "2016.07.20"]
[Round "9"]
[White "Gelazonia, Parmen"]
[Black "Gharagyozyan, Artur"]
[Result "1-0"]
[WhiteElo "2350"]
[BlackElo "2166"]
[PlyCount "87"]
[EventDate "2016.07.13"]
[EventType "swiss"]
[EventRounds "9"]
[EventCountry "GEO"]
[SourceTitle "CBM 173 Extra"]
[Source "ChessBase"]
[SourceDate "2016.08.29"]
[SourceVersion "1"]
[SourceVersionDate "2016.08.29"]
[SourceQuality "1"]

1. Nf3 d5 2. g3 c5 3. Bg2 Nc6 4. 0-0 e5 5. d3 f6 6. e4 Nge7 7. c4 d4 8. Ne1 Be6 9. Bh3 Bf7 10. f4 Ng6 11. Ng2 Bd6 12. Nd2 Qc7 13. Nf3 exf4 14. gxf4 Nxf4 15. Nxf4 Bxf4 16. Bxf4 Qxf4 17. Kh1 Qh6 18. Bg4 0-0 19. Rg1 Rad8 20. a3 a6 21. Rg3 b5 22. b3 Qf4 23. Qg1 Kh8 24. Qg2 Ne5 25. Nxe5 Qxe5 26. Qh3 g6 27. Rf1 Rd6 28. Qh6 Rg8 29. Rf5 Qe7 30. Rxc5 bxc4 31. Rh3 Rg7 32. Rc8+ Bg8 33. bxc4 Rb6 34. Rg3 Qxa3 35. Qf4 f5 36. exf5 gxf5 37. Bf3 Qe7 38. Qxd4 Qe1+ 39. Qg1 Qxg1+ 40. Rxg1 Rxg1+ 41. Kxg1 Kg7 42. c5 Rb1+ 43. Kf2 Be6 44. Rc6 1-0

[Event "Poti Aleksandria Cup 11th"]
[Site "Poti"]
[Date "2016.07.18"]
[Round "7"]
[White "Gelazonia, Parmen"]
[Black "Kantans, Toms"]
[Result "0-1"]
[WhiteElo "2350"]
[BlackElo "2504"]
[PlyCount "86"]
[EventDate "2016.07.13"]
[EventType "swiss"]
[EventRounds "9"]
[EventCountry "GEO"]
[SourceTitle "CBM 173 Extra"]
[Source "ChessBase"]
[SourceDate "2016.08.29"]
[SourceVersion "1"]
[SourceVersionDate "2016.08.29"]
[SourceQuality "1"]

1. Nf3 Nf6 2. c4 c5 3. Nc3 d5 4. cxd5 Nxd5 5. g3 Nc6 6. Nxd5 Qxd5 7. Bg2 g6 8. 0-0 Bg7 9. d3 0-0 10. Be3 Bxb2 11. Rb1 Bf6 12. Nd4 Qxa2 13. Nxc6 bxc6 14. Bxc5 Bg4 15. f3 Be6 16. d4 Rfd8 17. e3 Rab8 18. Ra1 Qc4 19. Rxa7 Rb2 20. Ra4 Qb5 21. Ra1 Bb3 22. Qe1 e5 23. Rf2 Rxf2 24. Qxf2 exd4 25. Bxd4 Bxd4 26. exd4 Qb4 27. f4 Qc3 28. Re1 Bd5 29. Bf1 Be6 30. Bg2 Rxd4 31. Bxc6 Rd2 32. Qe3 Rd3 33. Qe4 Qc5+ 34. Kh1 Rd2 35. Qf3 Rf2 36. Qe4 Qh5 37. h4 Qg4 38. Qg2 Rxg2 39. Kxg2 Qh3+ 40. Kf2 Qh2+ 41. Bg2 Bd5 42. Rg1 Kg7 43. Kf1 Qxg3 0-1

[Event "Poti Aleksandria Cup 11th"]
[Site "Poti"]
[Date "2016.07.17"]
[Round "6"]
[White "Gelazonia, Parmen"]
[Black "Chkhaidze, Nikoloz"]
[Result "1-0"]
[WhiteElo "2350"]
[BlackElo "2279"]
[PlyCount "101"]
[EventDate "2016.07.13"]
[EventType "swiss"]
[EventRounds "9"]
[EventCountry "GEO"]
[SourceTitle "CBM 173 Extra"]
[Source "ChessBase"]
[SourceDate "2016.08.29"]
[SourceVersion "1"]
[SourceVersionDate "2016.08.29"]
[SourceQuality "1"]

1. e4 e5 2. Nf3 Nc6 3. c3 Nf6 4. d3 d5 5. Nbd2 a5 6. Be2 g6 7. 0-0 Bg7 8. Re1 0-0 9. Bf1 a4 10. Qc2 Re8 11. Rb1 b6 12. b4 axb3 13. axb3 Ba6 14. b4 dxe4 15. dxe4 Bxf1 16. Nxf1 Nh5 17. Ne3 Ne7 18. g3 Qc8 19. Bb2 h6 20. c4 Qe6 21. Ra1 c6 22. Rxa8 Rxa8 23. Qc3 Ra2 24. Qb3 Ra8 25. b5 Rb8 26. bxc6 Nxc6 27. Qb5 Nd4 28. Bxd4 exd4 29. Nd5 g5 30. e5 Qg4 31. Kg2 d3 32. Qb3 Rd8 33. h3 Qe6 34. Qxd3 b5 35. Nd4 Rxd5 36. cxd5 Qxd5+ 37. Qe4 Qc4 38. Nf5 Qe6 39. Nd6 Qd7 40. Qg4 Qc6+ 41. Qf3 Qxf3+ 42. Kxf3 Bf8 43. Nxb5 Ng7 44. Nd4 Bc5 45. Ke4 Kh7 46. Rc1 Ba7 47. Ra1 Bc5 48. Ra5 Bb4 49. Ra7 Kg6 50. Ra6+ Kh7 51. Rf6 1-0

[Event "Poti Aleksandria Cup 5th"]
[Site "Poti"]
[Date "2010.07.13"]
[Round "3"]
[White "Gelazonia, Parmen"]
[Black "Anakidze, Nino"]
[Result "1-0"]
[WhiteElo "2313"]
[BlackElo "1965"]
[PlyCount "79"]
[EventDate "2010.07.11"]
[EventType "swiss"]
[EventRounds "9"]
[EventCountry "GEO"]
[SourceTitle "CBM 137 Extra"]
[Source "ChessBase"]
[SourceDate "2010.09.01"]
[SourceVersion "1"]
[SourceVersionDate "2010.09.01"]
[SourceQuality "1"]

1. f4 c5 2. Nf3 Nc6 3. b3 d6 4. Bb2 Nf6 5. e3 e6 6. Bb5 Bd7 7. 0-0 Qc7 8. Qe1 Be7 9. d3 Nb4 10. Bxd7+ Nxd7 11. Qe2 Bf6 12. c3 Nc6 13. Nbd2 d5 14. g3 0-0-0 15. e4 h6 16. Kh1 g5 17. e5 Be7 18. d4 g4 19. Ne1 cxd4 20. cxd4 Qb6 21. Nc2 h5 22. Kg2 Rdg8 23. Rf2 h4 24. Nf1 Kb8 25. Rd1 Qd8 26. f5 hxg3 27. Nxg3 Bh4 28. Bc1 Ne7 29. Bf4 Bxg3 30. Bxg3 Ka8 31. Ne3 exf5 32. Nxf5 Ng6 33. Kg1 Rh7 34. Rdf1 Qg5 35. Ne3 Nh4 36. Nxg4 Rg6 37. Rxf7 Rxf7 38. Rxf7 Qd8 39. e6 Nb6 40. e7 1-0

[Event "Poti Aleksandria Cup 5th"]
[Site "Poti"]
[Date "2010.07.12"]
[Round "2"]
[White "Pantsulaia, Levan"]
[Black "Gelazonia, Parmen"]
[Result "1-0"]
[WhiteElo "2586"]
[BlackElo "2313"]
[PlyCount "87"]
[EventDate "2010.07.11"]
[EventType "swiss"]
[EventRounds "9"]
[EventCountry "GEO"]
[SourceTitle "CBM 137 Extra"]
[Source "ChessBase"]
[SourceDate "2010.09.01"]
[SourceVersion "1"]
[SourceVersionDate "2010.09.01"]
[SourceQuality "1"]

1. Nf3 d6 2. g3 Bg4 3. Bg2 c6 4. d4 Nd7 5. c4 e6 6. d5 Bxf3 7. Bxf3 cxd5 8. cxd5 e5 9. 0-0 Be7 10. Nc3 Ngf6 11. Qb3 Qb8 12. e4 0-0 13. Be3 Rc8 14. Rfc1 Nc5 15. Qd1 Bd8 16. Bg2 Bb6 17. Bh3 Ncd7 18. Bxb6 axb6 19. Nb5 Rxc1 20. Rxc1 Qd8 21. f3 Ne8 22. a3 Rc8 23. b4 g6 24. Rc2 Kf8 25. Qc1 Rxc2 26. Qxc2 Ke7 27. Qc1 Qa8 28. Qg5+ Ndf6 29. Qe3 Qa4 30. Qd3 Kd8 31. Kf2 Qa6 32. Qc4 Nd7 33. Ke2 Qa8 34. Kd2 Qc8 35. Qd3 Ke7 36. Nc3 Qa8 37. Bxd7 Kxd7 38. Qb5+ Ke7 39. Qxb6 Qxa3 40. Qxb7+ Kf8 41. Kc2 Qa1 42. b5 Qf1 43. b6 Qxf3 44. Qc6 1-0

[Event "Tbilisi Cup"]
[Site "Tbilisi"]
[Date "2010.05.20"]
[Round "6"]
[White "Muzychuk, Anna"]
[Black "Gelazonia, Parmen"]
[Result "1/2-1/2"]
[WhiteElo "2529"]
[BlackElo "2315"]
[PlyCount "106"]
[EventDate "2010.05.15"]
[EventType "swiss"]
[EventRounds "9"]
[EventCountry "GEO"]
[SourceTitle "CBM 136 Extra"]
[Source "ChessBase"]
[SourceDate "2010.07.02"]
[SourceVersion "2"]
[SourceVersionDate "2010.07.15"]
[SourceQuality "1"]

1. e4 e6 2. d4 d5 3. Nc3 Nf6 4. Bg5 Be7 5. e5 Nfd7 6. Bxe7 Qxe7 7. f4 a6 8. Nf3 c5 9. dxc5 Nc6 10. Qd2 Qxc5 11. Bd3 Nb6 12. 0-0-0 Bd7 13. g4 0-0-0 14. Rhe1 h6 15. f5 Kb8 16. Kb1 Rc8 17. Ne2 Rhe8 18. Nf4 Nc4 19. Bxc4 Qxc4 20. b3 Qc5 21. Nd3 Qa3 22. f6 g5 23. Qc1 Qa5 24. Qd2 Qa3 25. Qc3 Na7 26. Qb4 Qxb4 27. Nxb4 a5 28. Nd3 Nb5 29. Kb2 Nc3 30. Rd2 Bb5 31. Nf2 Rc7 32. Re3 a4 33. a3 Rec8 34. Nd4 Bf1 35. Rg3 axb3 36. cxb3 Ne4 37. Nxe4 dxe4 38. Nc2 Rc5 39. Rf2 Bd3 40. Nb4 Rd8 41. Rd2 Rxe5 42. Re3 Rd7 43. Nxd3 Red5 44. Kc3 Rd4 45. h3 R7d5 46. Rd1 exd3 47. Rdxd3 Rf4 48. Rxd5 exd5 49. Re5 Rxf6 50. Rxd5 Rf3+ 51. Rd3 Rf2 52. Kc4 f5 53. gxf5 Rxf5 1/2-1/2

[Event "Tbilisi Municipality Cup"]
[Site "Tbilisi"]
[Date "2009.06.22"]
[Round "8"]
[White "Gelazonia, Parmen"]
[Black "Javakhishvili, Lela"]
[Result "1/2-1/2"]
[WhiteElo "2328"]
[BlackElo "2463"]
[PlyCount "35"]
[EventDate "2009.06.15"]
[EventType "swiss"]
[EventRounds "9"]
[EventCountry "GEO"]
[SourceTitle "CBM 130 Extra"]
[Source "ChessBase"]
[SourceDate "2009.07.02"]
[SourceVersion "2"]
[SourceVersionDate "2009.07.15"]
[SourceQuality "1"]

1. d4 Nf6 2. c4 e6 3. Nf3 b6 4. g3 Ba6 5. Qa4 Bb7 6. Bg2 Be7 7. 0-0 0-0 8. Nc3 c6 9. Rd1 d5 10. Ne5 Nfd7 11. cxd5 cxd5 12. e4 Nf6 13. exd5 Nxd5 14. Qb3 Na6 15. Nxd5 Bxd5 16. Bxd5 Qxd5 17. Qxd5 exd5 18. Bf4 1/2-1/2

[Event "Tbilisi Municipality Cup"]
[Site "Tbilisi"]
[Date "2009.06.18"]
[Round "4"]
[White "Gelazonia, Parmen"]
[Black "Arutinian, David"]
[Result "1/2-1/2"]
[WhiteElo "2328"]
[BlackElo "2548"]
[PlyCount "36"]
[EventDate "2009.06.15"]
[EventType "swiss"]
[EventRounds "9"]
[EventCountry "GEO"]
[SourceTitle "CBM 130 Extra"]
[Source "ChessBase"]
[SourceDate "2009.07.02"]
[SourceVersion "2"]
[SourceVersionDate "2009.07.15"]
[SourceQuality "1"]

1. d4 d6 2. e4 Nf6 3. Nc3 g6 4. g3 Bg7 5. Bg2 0-0 6. Nge2 e5 7. h3 c6 8. a4 a5 9. Be3 Qc7 10. 0-0 Na6 11. Qd2 Nb4 12. g4 b6 13. Ng3 Ba6 14. Rfe1 Rad8 15. Rad1 d5 16. exd5 Nfxd5 17. Nxd5 Nxd5 18. Bh6 exd4 1/2-1/2

[Event "Tbilisi Municipality Cup"]
[Site "Tbilisi"]
[Date "2009.06.17"]
[Round "3"]
[White "Kekelidze, Mikheil"]
[Black "Gelazonia, Parmen"]
[Result "1/2-1/2"]
[WhiteElo "2468"]
[BlackElo "2328"]
[PlyCount "56"]
[EventDate "2009.06.15"]
[EventType "swiss"]
[EventRounds "9"]
[EventCountry "GEO"]
[SourceTitle "CBM 130 Extra"]
[Source "ChessBase"]
[SourceDate "2009.07.02"]
[SourceVersion "2"]
[SourceVersionDate "2009.07.15"]
[SourceQuality "1"]

1. d4 Nf6 2. c4 e6 3. Nc3 Bb4 4. g3 0-0 5. Bg2 d6 6. Nf3 Qe7 7. Qb3 c5 8. 0-0 Bxc3 9. Qxc3 b6 10. dxc5 dxc5 11. Bg5 Bb7 12. Ne5 Bxg2 13. Kxg2 Qb7+ 14. Qf3 Qxf3+ 15. Kxf3 Nfd7 16. Nxd7 Nxd7 17. Bf4 Nb8 18. Rad1 Nc6 19. Rd2 Rfd8 20. Rfd1 Rxd2 21. Rxd2 Rd8 22. Rxd8+ Nxd8 23. Ke4 Nc6 24. a3 f5+ 25. Kd3 Kf7 26. Bd2 a5 27. e3 e5 28. Bc3 g5 1/2-1/2

[Event "GEO-ch KO 67th"]
[Site "Tbilisi"]
[Date "2008.03.17"]
[Round "1.3"]
[White "Gelazonia, Parmen"]
[Black "Supatashvili, Khvicha"]
[Result "0-1"]
[WhiteElo "2361"]
[BlackElo "2466"]
[PlyCount "90"]
[EventDate "2008.03.15"]
[EventType "k.o."]
[EventRounds "5"]
[EventCountry "GEO"]
[SourceTitle "CBM 123 Extra"]
[Source "ChessBase"]
[SourceDate "2008.05.06"]
[SourceVersion "1"]
[SourceVersionDate "2008.05.06"]
[SourceQuality "1"]

1. d4 Nf6 2. Nf3 d5 3. Bg5 Ne4 4. Bf4 c5 5. c3 Nc6 6. e3 Bg4 7. Nbd2 Nxd2 8. Qxd2 Bxf3 9. gxf3 cxd4 10. exd4 e6 11. Rg1 g6 12. 0-0-0 Bd6 13. Bg5 Be7 14. h4 h5 15. Kb1 Bxg5 16. Rxg5 Qf6 17. Qe3 0-0-0 18. f4 Rd6 19. Bb5 Qd8 20. Re1 Ne7 21. Bd3 Kb8 22. Qe5 Nf5 23. Qe2 Nxh4 24. Rg3 Qc7 25. Qe5 Rhd8 26. Qg5 Nf5 27. Bxf5 exf5 28. Rge3 R6d7 29. Re7 Qd6 30. Rxd7 Rxd7 31. Re8+ Kc7 32. a3 a6 33. Re3 Kb6 34. Qh4 Ka7 35. Qg5 Qc7 36. Qh4 Qc4 37. Qg3 Qb5 38. Re5 Rd6 39. Qe3 Rb6 40. Qd2 h4 41. Re3 h3 42. b4 Re6 43. Rxe6 fxe6 44. Qe1 Qd3+ 45. Kb2 Qe4 0-1

[Event "Tbilisi Buslaev Memorial 1st"]
[Site "Tbilisi"]
[Date "2007.04.10"]
[Round "10"]
[White "Gelazonia, Parmen"]
[Black "Abasov, Nijat Azad"]
[Result "0-1"]
[WhiteElo "2312"]
[BlackElo "2194"]
[PlyCount "52"]
[EventDate "2007.04.03"]
[EventType "tourn"]
[EventRounds "11"]
[EventCountry "GEO"]
[EventCategory "1"]
[SourceTitle "CBM 118 Extra"]
[Source "ChessBase"]
[SourceDate "2007.07.04"]
[SourceVersion "1"]
[SourceVersionDate "2007.07.04"]
[SourceQuality "1"]

1. e4 c5 2. Nf3 Nc6 3. d4 cxd4 4. Nxd4 Nf6 5. Nc3 e5 6. Ndb5 d6 7. Nd5 Nxd5 8. exd5 Nb8 9. c4 Be7 10. Be2 a6 11. Nc3 0-0 12. 0-0 f5 13. f4 Nd7 14. Kh1 Bf6 15. Be3 exf4 16. Bxf4 Be5 17. Rb1 Bxf4 18. Rxf4 Ne5 19. Qc2 Qg5 20. Rf2 f4 21. Ne4 Qh6 22. Bf3 g5 23. Rbf1 Bf5 24. Be2 Rae8 25. Kg1 Bxe4 26. Qxe4 Ng4 0-1

[Event "Tbilisi Buslaev Memorial 1st"]
[Site "Tbilisi"]
[Date "2007.04.03"]
[Round "1"]
[White "Gelazonia, Parmen"]
[Black "Khotenashvili, Bela"]
[Result "1-0"]
[WhiteElo "2312"]
[BlackElo "2301"]
[PlyCount "81"]
[EventDate "2007.04.03"]
[EventType "tourn"]
[EventRounds "11"]
[EventCountry "GEO"]
[EventCategory "1"]
[SourceTitle "CBM 118 Extra"]
[Source "ChessBase"]
[SourceDate "2007.07.04"]
[SourceVersion "1"]
[SourceVersionDate "2007.07.04"]
[SourceQuality "1"]

1. e4 c6 2. d4 d5 3. Nc3 dxe4 4. Nxe4 Bf5 5. Ng3 Bg6 6. N1e2 e6 7. h4 h6 8. Nf4 Bh7 9. Bd3 Bxd3 10. Qxd3 Nf6 11. Bd2 Bd6 12. Ngh5 Nxh5 13. Nxh5 g6 14. Ng3 Nd7 15. Ne4 Nf6 16. Nxd6+ Qxd6 17. Qf3 Nd5 18. c4 Ne7 19. Bc3 Rg8 20. h5 g5 21. 0-0-0 Qf4+ 22. Qe3 Qxe3+ 23. fxe3 Nf5 24. Rhe1 Nd6 25. d5 Nxc4 26. dxe6 fxe6 27. Rd4 Nb6 28. Rd6 Ke7 29. Rd2 c5 30. e4 Nc4 31. Rf2 Raf8 32. Rc2 b6 33. b3 Nd6 34. Rd2 Nb5 35. Be5 Rd8 36. Rxd8 Kxd8 37. Rf1 g4 38. Rf7 Nd4 39. Rxa7 Re8 40. Bxd4 cxd4 41. e5 1-0

[Event "GEO-ch 66th"]
[Site "Tbilisi"]
[Date "2007.03.17"]
[Round "4"]
[White "Pantsulaia, Levan"]
[Black "Gelazonia, Parmen"]
[Result "1-0"]
[WhiteElo "2612"]
[BlackElo "2268"]
[PlyCount "89"]
[EventDate "2007.03.14"]
[EventType "tourn"]
[EventRounds "11"]
[EventCountry "GEO"]
[EventCategory "11"]
[SourceTitle "CBM 117 Extra"]
[Source "ChessBase"]
[SourceDate "2007.05.09"]
[SourceVersion "1"]
[SourceVersionDate "2007.05.09"]
[SourceQuality "1"]

1. Nf3 Nf6 2. c4 e6 3. g3 a6 4. Bg2 b5 5. b3 Bb7 6. Nc3 bxc4 7. bxc4 c5 8. Rb1 Bc6 9. 0-0 Be7 10. Re1 d6 11. e4 Qa5 12. e5 dxe5 13. Nxe5 Bxg2 14. Kxg2 0-0 15. Qf3 Ra7 16. Rb7 Rxb7 17. Qxb7 Qd8 18. Re3 Bd6 19. Ba3 Bxe5 20. Rxe5 Nbd7 21. Re3 Qa5 22. Qb3 Qc7 23. Kg1 Ng4 24. Re2 Rb8 25. Qa4 Qb7 26. f4 h5 27. Qc2 h4 28. Qe4 Qb6 29. Qf3 Nh6 30. g4 Qd6 31. Bc1 Qd4+ 32. Kg2 h3+ 33. Kxh3 Qg1 34. Ba3 f5 35. g5 Ng4 36. Rg2 Qd4 37. Kg3 Nde5 38. fxe5 Qxe5+ 39. Qf4 Qe1+ 40. Kh3 Rd8 41. Bxc5 Rd3+ 42. Rg3 Rxd2 43. Rxg4 fxg4+ 44. Kxg4 Rc2 45. Kh5 1-0

[Event "GEO-ch I Liga"]
[Site "Tbilisi"]
[Date "2002.04.29"]
[Round "5"]
[White "Gelazonia, Parmen"]
[Black "Chikovani, Vakhtang"]
[Result "1-0"]
[WhiteElo "2332"]
[BlackElo "2275"]
[PlyCount "64"]
[EventDate "2002.05.??"]
[EventType "swiss"]
[EventRounds "9"]
[EventCountry "GEO"]
[SourceTitle "EXT 2004"]
[Source "ChessBase"]
[SourceDate "2003.11.25"]
[SourceVersion "1"]
[SourceVersionDate "2003.11.25"]
[SourceQuality "1"]

1. d4 Nf6 2. Bg5 d5 3. Bxf6 exf6 4. e3 b6 5. c4 Bb4+ 6. Nc3 0-0 7. Qb3 Bxc3+ 8. bxc3 Bb7 9. Nf3 Nc6 10. cxd5 Na5 11. Qc2 Bxd5 12. Bd3 Bxf3 13. gxf3 g6 14. f4 f5 15. 0-0 c5 16. Rfd1 Qc7 17. Rac1 Rad8 18. Bf1 Rfe8 19. Qa4 Kg7 20. Bg2 h6 21. Rc2 Re7 22. Rcd2 Red7 23. Bf1 c4 24. Bg2 Rd6 25. Re1 Re6 26. Rde2 a6 27. Qa3 Rde8 28. Bd5 Rf6 29. Qb4 Rd8 30. Bg2 Re8 31. Qa3 Rfe6 32. Qa4 Rf6 1-0

[Event "GEO-ch I Liga"]
[Site "Tbilisi"]
[Date "2002.04.27"]
[Round "3"]
[White "Gelazonia, Parmen"]
[Black "Rukhaia, Kartlos"]
[Result "1/2-1/2"]
[WhiteElo "2332"]
[BlackElo "2194"]
[PlyCount "31"]
[EventDate "2002.05.??"]
[EventType "swiss"]
[EventRounds "9"]
[EventCountry "GEO"]
[SourceTitle "EXT 2004"]
[Source "ChessBase"]
[SourceDate "2003.11.25"]
[SourceVersion "1"]
[SourceVersionDate "2003.11.25"]
[SourceQuality "1"]

1. d4 b5 2. e4 Bb7 3. Nd2 a6 4. c3 e6 5. a4 bxa4 6. Qxa4 c5 7. Ngf3 cxd4 8. Nxd4 Nc6 9. Bd3 Nf6 10. 0-0 Be7 11. Nxc6 Bxc6 12. Qc2 a5 13. Nc4 Qc7 14. g3 d6 15. f4 h6 16. Be3 1/2-1/2

[Event "GEO-ch I Liga"]
[Site "Tbilisi"]
[Date "2002.04.26"]
[Round "2"]
[White "Gagunashvili, Merab"]
[Black "Gelazonia, Parmen"]
[Result "1/2-1/2"]
[WhiteElo "2486"]
[BlackElo "2332"]
[PlyCount "98"]
[EventDate "2002.05.??"]
[EventType "swiss"]
[EventRounds "9"]
[EventCountry "GEO"]
[SourceTitle "EXT 2004"]
[Source "ChessBase"]
[SourceDate "2003.11.25"]
[SourceVersion "1"]
[SourceVersionDate "2003.11.25"]
[SourceQuality "1"]

1. e4 e5 2. Nf3 d6 3. d4 Nf6 4. Nc3 Nbd7 5. Bc4 Be7 6. 0-0 0-0 7. Re1 c6 8. a4 b6 9. b3 Bb7 10. Ba3 Re8 11. Ng5 d5 12. dxe5 Bxa3 13. exf6 Nxf6 14. Rxa3 dxc4 15. Ra1 h6 16. Nf3 cxb3 17. cxb3 c5 18. Qc2 Qe7 19. Nd2 Ng4 20. Nc4 Ne5 21. Rad1 Rad8 22. Ne3 Qg5 23. Qe2 Nc6 24. Rxd8 Rxd8 25. Ned5 Nd4 26. Qd3 f5 27. f4 Qh4 28. Re3 Qh5 29. Qc4 Kh7 30. Rh3 Bxd5 31. exd5 Qg4 32. Qf1 Re8 33. Rg3 Qh4 34. Qf2 Qe7 35. Rd3 Nxb3 36. d6 Qe6 37. Nb5 Nd4 38. Nc7 Qc4 39. Nxe8 Qxd3 40. Qe1 Ne2+ 41. Kf2 Nc3 42. Nf6+ Kg6 43. Qe6 Qd4+ 44. Ke1 Qd1+ 45. Kf2 Qd2+ 46. Kf3 Qd3+ 47. Kf2 Qd4+ 48. Ke1 Qd1+ 49. Kf2 Qd4+ 1/2-1/2

[Event "GEO-ch 60th 1 Liga"]
[Site "Tbilisi"]
[Date "2000.04.??"]
[Round "3"]
[White "Nikoladze, Sopio"]
[Black "Gelazonia, Parmen"]
[Result "1/2-1/2"]
[WhiteElo "2250"]
[BlackElo "2321"]
[PlyCount "22"]
[EventDate "2000.??.??"]
[EventType "swiss"]
[EventRounds "9"]
[EventCountry "GEO"]
[SourceTitle "EXT 2004"]
[Source "ChessBase"]
[SourceDate "2003.11.25"]
[SourceVersion "1"]
[SourceVersionDate "2003.11.25"]
[SourceQuality "1"]

1. d4 f5 2. Nc3 Nf6 3. Bg5 d5 4. Bxf6 exf6 5. e3 Be6 6. Bd3 Nc6 7. a3 Qd7 8. Nge2 Nd8 9. Nf4 g6 10. Nxe6 Nxe6 11. Qf3 c6 1/2-1/2

[Event "GEO-ch U20"]
[Site "Tbilisi"]
[Date "2000.??.??"]
[Round "?"]
[White "Gaprindashvili, Valeriane"]
[Black "Gelazonia, Parmen"]
[Result "1-0"]
[WhiteElo "2446"]
[BlackElo "2321"]
[PlyCount "89"]
[EventDate "2000.??.??"]
[EventType "swiss"]
[EventRounds "9"]
[EventCountry "GEO"]
[SourceTitle "EXT 2002"]
[Source "ChessBase"]
[SourceDate "2001.11.25"]
[SourceVersion "1"]
[SourceVersionDate "2001.11.25"]
[SourceQuality "1"]

1. d4 f5 2. Nc3 Nf6 3. Bg5 d5 4. Bxf6 exf6 5. e3 Be6 6. Bd3 Nc6 7. Nge2 Qd7 8. a3 Nd8 9. h4 c6 10. Nf4 Nf7 11. Na4 b5 12. Nc5 Bxc5 13. dxc5 a5 14. a4 b4 15. Be2 Qe7 16. Qd4 Ne5 17. b3 Bc8 18. 0-0-0 Nd7 19. Bb5 cxb5 20. Nxd5 Qd8 21. c6 0-0 22. cxd7 Qxd7 23. Qc5 Qb7 24. Ne7+ Kf7 25. Nxf5 Bxf5 26. Qxf5 Rfd8 27. Qxb5 Qxb5 28. axb5 Ke6 29. e4 Ke5 30. Rxd8 Rxd8 31. Rd1 Rb8 32. f3 g5 33. Rd5+ Kf4 34. hxg5 fxg5 35. Rf5+ Kg3 36. Rxg5+ Kf2 37. Kd2 h6 38. Rd5 Kxg2 39. Ke3 Rc8 40. b6 Rb8 41. Rb5 Rb7 42. Kf4 h5 43. Rg5+ Kf2 44. Rxh5 Rf7+ 45. Rf5 1-0